[Event "79th GEO-ch 2020"]
[Site "Tbilisi"]
[Date "2020.02.03"]
[Round "2.4"]
[White "Nigalidze, Gaioz"]
[Black "Pantsulaia, Levan"]
[Result "0-1"]
[WhiteElo "2474"]
[BlackElo "2598"]
[Annotator "TA"]
[PlyCount "72"]
[EventDate "2020.01.29"]
[EventType "k.o."]
[EventCountry "GEO"]
[SourceTitle "playchess.com"]
[Source "ChessBase"]
[SourceQuality "1"]

{[%evp 18,72,-30,-43,-47,-31,-36,-65,0,0,0,-47,12,-81,-46,-79,-37,-86,-39,-82,0,4,19,18,47,47,69,0,0,-56,-14,-104,-33,-33,0,-120,-56,-333,-288,-579,-567,-732,-723,-1350,-712,-709,-698,-681,-643,-1102,-1062,-29981,-29982,-5481,-6061,-29996,-29997]} 1. d4 Nf6 2. c4 c5 3. d5 g6 4. Nc3 Bg7 5. e4 d6 6. Be2 O-O 7. g4 e6 8. g5 Ne8 9. h4 exd5 10. cxd5 (10. Qxd5 $2 Bd4 $17) 10... Qe7 {E73: King's Indian: Averbakh Variation without 6...c5} 11. Qd3 Na6 12. a3 {[#]} Nac7 $146 (12... f5 $15 13. gxf6 Nxf6) ({Predecessor:} 12... f5 13. gxf6 Nxf6 14. Nh3 b5 15. Ng5 c4 16. Qc2 Nc5 17. Be3 Nb3 18. Rd1 a6 {0-1 (43) Nikontovic,S (2320)-Brondum,E (2285) Denmark 1997}) 13. h5 $11 b5 14. Qf3 Rb8 (14... f5 $15 15. hxg6 hxg6) 15. Qf4 (15. Qg2 $11) 15... f5 $17 {...fxe4 is the strong threat.} 16. gxf6 Nxf6 17. hxg6 hxg6 {Hoping for ...Nxe4.} 18. f3 Nfxd5 ({Better is} 18... Nh5 $17 19. Qg5 Qxg5 20. Bxg5 Be5) 19. Nxd5 $11 Nxd5 20. Qg3 Nf6 21. Qxg6 d5 22. Bf4 (22. Qg3 $1 $14 Rb6 23. e5) 22... Rb6 {[%cal Rd5e4]} 23. e5 (23. exd5 $11 Qf7 24. Qxf7+ Rxf7 25. O-O-O) 23... Qe8 (23... Nh5 $5 {[%cal Rb6g6]} 24. Bg5 Rxg6 25. Bxe7 Rf5 26. Bxc5 Rxe5 27. Bxa7 Nf4 $15) 24. Qg5 {[#]} (24. Bd3 $1 $11) 24... Nh7 (24... Nh5 $1 $17 {[%cal Rh5f4]} 25. Qxh5 (25. Rxh5 $2 Rg6 $19) 25... Qxh5 26. Rxh5 Rxf4) 25. Qh4 $15 Bf5 26. Nh3 (26. Rc1 $11 {remains equal.}) 26... Rf7 (26... Bxe5 $17 27. Rd1 d4 28. Bxe5 Qxe5) 27. O-O-O $2 {[%mdl 8192]} ({White should try} 27. Rc1 $15) 27... b4 $19 {[%cal Bb5b4,Bb4a3][%mdl 32]} ({Weaker is} 27... Bxe5 28. Rxd5 Bf6 29. Rg1+ Rg7 30. Rxg7+ Kxg7 31. Qg3+ Kh8 32. Be5 $14) 28. Rxd5 $2 (28. a4 Qxa4 29. Kd2) 28... bxa3 {Strongly threatening ...Nf6!} 29. b3 Rxb3 30. Kd2 Rb2+ 31. Ke3 Qa4 32. Rd8+ Nf8 {Threatens to win with ...Rd7.} 33. Ng5 Rd7 {[%csl Gc5,Gd7][%cal Ra4d4]} 34. Rxf8+ Kxf8 {[%csl Gc5,Gd7][%cal Ra4d4]} 35. Kf2 {[#]} Rxe2+ $1 {[%mdl 64] Back Rank} 36. Kxe2 Qc2+ {Accuracy: White = 29%, Black = 54%.} 0-1

[Event "79th GEO-ch 2020"]
[Site "Tbilisi"]
[Date "2020.02.04"]
[Round "3.1"]
[White "Paichadze, Luka"]
[Black "Pantsulaia, Levan"]
[Result "1/2-1/2"]
[WhiteElo "2550"]
[BlackElo "2598"]
[Annotator "TA"]
[PlyCount "68"]
[EventDate "2020.01.29"]
[EventType "k.o."]
[EventCountry "GEO"]
[SourceTitle "playchess.com"]
[Source "ChessBase"]
[SourceQuality "1"]

{[%evp 9,68,4,56,10,32,-10,8,8,7,8,0,0,1,0,24,0,0,0,23,-11,30,19,7,14,62,52,48,62,57,55,50,65,90,55,105,72,141,75,93,74,66,78,75,0,104,0,0,0,0,0,0,0,0,0,0,0,0,0,0,0,0]} 1. e4 c6 2. d4 d5 3. e5 Bf5 4. h4 Qb6 5. c4 e6 (5... dxc4 $11 6. Nc3 h5) 6. Nc3 {Hoping for g4. B12: Caro-Kann: Advance Variation} (6. c5 $5 {[%cal Rc5b6]} Qd8 7. Nc3 $14) 6... h5 {[#]} 7. Nf3 $146 (7. c5 $5 {[%cal Rc5b6]} Qc7 8. Bd3 $14) ({Predecessor:} 7. Nge2 Ne7 8. Ng3 Bg4 9. f3 Bf5 10. Na4 Qc7 11. Bg5 Bg6 12. f4 Nd7 13. Bxe7 Bxe7 14. cxd5 {1-0 (35) Patricio,A-Salvado,S Honra 1998}) 7... Ne7 8. c5 Qc7 9. b4 Nd7 10. Bf4 Bg4 11. Be2 $36 {[%mdl 2048] White is more active.} Ng6 12. Bg3 Be7 13. Bd3 Qd8 14. Qc2 (14. Bxg6 $5 fxg6 15. Qd3 $11) 14... Rh6 (14... Bxf3 {with more complications.} 15. gxf3 Nxh4 16. Bxh4 Bxh4 17. f4 Be7) 15. b5 (15. Nh2 {feels hotter.} Nxh4 16. Bxh4 Bxh4 17. g3 Be7 18. Nxg4 hxg4 19. Rxh6 gxh6 20. Be2) 15... Bxf3 16. gxf3 Bxh4 (16... Nxh4 {looks sharper.} 17. Ke2 Nf5 18. Bxf5 exf5 19. Qxf5 Nf8) 17. bxc6 bxc6 18. Bxg6 Bxg3 {[#]} 19. Bxf7+ $1 {[%mdl 512]} Kxf7 20. fxg3 h4 21. Ne2 Qg5 22. f4 Qg4 {[#]} 23. gxh4 ({Better is} 23. Rb1 $1) 23... Rxh4 $16 24. Rg1 Qh5 25. Rb1 $1 Rh2 26. Rb7 (26. Qd3 $16) 26... Rd8 {[#]} (26... Rb8 $11 27. Rxb8 (27. Rxd7+ $2 Kf8 $19) 27... Nxb8) 27. f5 ({Not} 27. Rxa7 $2 Rb8 $19) ({White should try} 27. Qd3 $1 $16) 27... Qh4+ $11 {The position is equal.} 28. Kd1 {Threatens to win with fxe6+.} Rxe2 $1 29. fxe6+ {[%mdl 64] Pin} Kg8 {[#]} 30. Qg6 $1 {[%csl Gg1][%cal Rg6g7][%mdl 512]} Re1+ $1 31. Rxe1 Qxd4+ {[%mdl 64] Double Attack} 32. Kc2 {White threatens Qf7+ and mate.} Qf2+ {[%mdl 64] Double Attack} 33. Kd1 Qd4+ {[%mdl 64] Double Attack} 34. Kc2 {White wants to mate with Qf7+.} Qf2+ {[%mdl 64] Double Attack. Accuracy: White = 70%, Black = 79%.} 1/2-1/2

[Event "79th GEO-ch 2020"]
[Site "Tbilisi"]
[Date "2020.02.04"]
[Round "3.1"]
[White "Shanava, Konstantine"]
[Black "Sanikidze, Tornike"]
[Result "1/2-1/2"]
[WhiteElo "2507"]
[BlackElo "2451"]
[Annotator "TA"]
[PlyCount "86"]
[EventDate "2020.01.29"]
[EventType "k.o."]
[EventCountry "GEO"]
[SourceTitle "playchess.com"]
[Source "ChessBase"]
[SourceQuality "1"]

{[%evp 17,86,27,50,46,69,71,64,62,93,67,102,29,48,23,21,12,12,18,10,5,24,0,47,32,25,-6,-6,-38,-36,-35,-40,-133,0,0,0,0,0,0,0,0,0,-74,0,-27,0,0,0,0,0,0,0,0,8,17,186,187,1048,498,418,0,0,0,0,0,0,0,0,0,0,0,0]} 1. c4 Nf6 2. Nc3 g6 3. g3 Bg7 4. Bg2 O-O 5. d3 c6 6. e4 e5 7. Nge2 d6 8. h3 Nbd7 9. O-O a5 10. Be3 {A24: English Opening vs King's Indian: Lines without ...Nc6} Nc5 11. Qd2 a4 12. Rad1 {White is slightly better.} Re8 {[#]} 13. f4 $146 ({Predecessor:} 13. Bh6 Bh8 14. f4 b5 15. cxb5 cxb5 16. Kh2 b4 17. Nd5 Nxd5 18. exd5 e4 19. dxe4 Nxe4 {0-1 (28) Hernandez,G (2287)-De la Rosa,W (2029) Santo Domingo 2010}) 13... exf4 14. gxf4 ({White should try} 14. Rxf4 $16 Nfd7 15. d4) 14... Nh5 $11 15. d4 Nd7 $1 16. e5 Nb6 17. b3 $1 axb3 18. axb3 Bf5 19. Ne4 Bxe4 20. Bxe4 d5 21. Bf3 dxc4 22. Bxh5 (22. f5 $5 {[%cal Rf3h5]}) 22... gxh5 23. f5 {f6 is the strong threat.} cxb3 {Threatens to win with ...Qh4.} 24. f6 {[#]} ({White should play} 24. Qd3 $1 $15 Nd5 25. Qxb3) 24... Nc4 (24... Bxf6 $1 $17 {[%mdl 512] aiming for ...Ra2.} 25. Qd3 (25. Rxf6 $2 Nc4 $19) (25. exf6 Nc4) 25... Nd5) 25. Qd3 Nxe3 (25... Qd5 $2 26. Nf4 $16 (26. fxg7 Nb2 $16)) 26. Qxe3 {[#] Intending Qg5! and mate.} Bxf6 $1 {[%mdl 512]} 27. Qxb3 (27. exf6 Rxe3) 27... Bg7 28. Rxf7 Kh8 $1 29. Nf4 (29. Kh2 $11 {remains equal.}) 29... Re7 (29... Ra1 $1 $17 {And now ...Qxd4+ would win.} 30. Kh2 Rxd1 31. Qxd1 Bxe5 {[%mdl 64] Pin} 32. Qxh5 Bxf4+ 33. Rxf4 Qb8 $1 {[%mdl 512]}) 30. Ne6 Qg8 31. Rxe7 Bf6+ 32. Kh1 Bxe7 33. Qxb7 Ra3 {[%cal Ra3h3]} 34. Nf4 Qf8 35. Rf1 $1 Qe8 $2 {[#]} (35... Rxh3+ $2 36. Kg2 $18) (35... Qf5 $1 $11 36. Kh2 (36. Qxe7 Rxh3+ 37. Nxh3 Qxh3+ 38. Kg1 Qg4+ 39. Kh2 Qe2+ 40. Kh3 Qg4+ 41. Kh2 Qe2+ 42. Kh3 Qg4+ 43. Kh2 $11) 36... Rxh3+ 37. Nxh3 Qxf1) 36. e6 $1 $18 {Strongly threatening d5.} Bd6 $2 {[#]} (36... Qd8 37. Qxc6 Bd6) 37. Qd7 $1 {[%mdl 512]} Qe7 38. Qc8+ $2 ({White has to play} 38. d5 $18 Kg7 39. Qxe7+ (39. Qxc6 Bxf4 40. Rxf4 Ra1+ 41. Kh2 Ra2+ 42. Kh1 Ra1+ 43. Kh2 Ra2+ 44. Kh1 Ra1+ $11) 39... Bxe7 40. dxc6) 38... Kg7 $11 {The position is equal.} 39. Qxc6 Bxf4 $1 40. Rxf4 Ra1+ 41. Kh2 Ra2+ 42. Kh1 Ra1+ 43. Kh2 Ra2+ {Accuracy: White = 59%, Black = 69%.} 1/2-1/2

[Event "79th GEO-ch 2020"]
[Site "Tbilisi"]
[Date "2020.02.04"]
[Round "3.1"]
[White "Nigalidze, Gaioz"]
[Black "Arutinian, David"]
[Result "0-1"]
[WhiteElo "2474"]
[BlackElo "2551"]
[Annotator "TA"]
[PlyCount "104"]
[EventDate "2020.01.29"]
[EventType "k.o."]
[EventCountry "GEO"]
[SourceTitle "playchess.com"]
[Source "ChessBase"]
[SourceQuality "1"]

{[%evp 25,104,4,11,0,1,-19,40,-5,35,0,0,0,0,-23,-14,-9,0,0,0,-27,-16,-94,-100,-85,-94,-78,-88,-95,-83,-83,-88,-88,-84,-135,-95,-165,-118,-129,-112,-99,-101,-91,-89,-89,-22,-31,-10,-33,-9,-11,0,0,-8,-36,-43,-87,-16,-44,-8,-8,124,-83,-84,-119,-127,-597,-591,-572,-564,-569,-527,-683,-683,-893,-889,-824,-781,-1458,-624,-592,-574]} 1. d4 Nf6 2. c4 e6 3. Nc3 Bb4 4. f3 d5 5. a3 Bxc3+ 6. bxc3 c5 7. cxd5 exd5 8. e3 O-O 9. Bd3 b6 10. Ne2 Ba6 11. Bxa6 Nxa6 12. O-O Re8 13. Qd3 Nc7 14. Ng3 {E49: Nimzo-Indian: Rubinstein: 5 Bd3 d5 6 a3 Bxc3+ 7 bxc3} Ne6 15. Bb2 Qd7 {[%mdl 4] 15...Qd7 has become a bit dusty these days.} (15... h5 $11) 16. Rad1 {White is slightly better.} Rad8 17. Rfe1 (17. e4 $5 {[%cal Re4e5]} g6 18. Qd2 $14) 17... h5 18. Qf5 h4 19. Nh1 {[#]} cxd4 $146 ({Predecessor:} 19... Qb5 20. Rd2 Rc8 21. Qh3 cxd4 22. cxd4 Nf4 23. Qf5 Qa5 24. Rdd1 Ng6 25. Qd3 h3 {0-1 (55) Doknjas,J (2080)-Vorontsov,P (2374) Gyor 2014}) 20. cxd4 Qe7 21. Nf2 g6 22. Qh3 Nh5 23. g3 (23. Kf1 $1 $11) 23... Ng5 $17 24. Qg2 hxg3 25. hxg3 Qf6 26. f4 Ne4 27. Nxe4 Rxe4 28. g4 Ng7 29. Qg3 ({White should play} 29. Bc1) 29... Ne8 30. Kg2 (30. Re2 $17) 30... Nd6 31. Re2 Nc4 32. Bc1 Rde8 33. Kf2 Kg7 34. Rh1 Rh8 (34... b5 $17) 35. Rxh8 $11 Kxh8 36. Kf3 Kg8 37. Rh2 Kf8 $36 {[%mdl 2048] Black fights for an advantage.} 38. a4 Re8 39. Kf2 Ke7 40. Qf3 {[#]} Kd6 ({Better is} 40... Qc6 $1 $17 41. f5 g5) 41. Kg3 Rh8 {Strongly threatening ...Rxh2.} 42. Ba3+ Kc6 {[#]} (42... Nxa3 $11 {keeps the balance.} 43. e4 dxe4 44. Qxa3+ Kd7 45. Rxh8 Qxh8) 43. g5 $2 (43. Be7 $1 $16 {[%cal Re7f6][%mdl 512] is necessary to keep the advantage.} Qxe7 44. Rxh8) 43... Qd8 $17 {Threatens to win with ...Rxh2.} 44. Rc2 {aiming for Rxc4+.} Kc7 45. Rxc4+ $2 {[%mdl 8192]} (45. e4 $17 {is a better chance.} Qd7 46. f5) 45... dxc4 {[%mdl 4096] Endgame KQR-KQB. Black is clearly winning.} 46. d5 Qd7 {White must now prevent ...Rh3+.} 47. Qg2 Re8 48. Qd2 Qf5 49. d6+ Kd7 50. Bc1 Qd3 51. Qb4 Qd5 (51... Rxe3+ $142 52. Bxe3 Qxe3+ 53. Kh2 c3) 52. Qc3 $19 Kxd6 {Accuracy: White = 48%, Black = 64%.} 0-1

[Event "79th GEO-ch 2020"]
[Site "Tbilisi"]
[Date "2020.02.04"]
[Round "3.1"]
[White "Morchiashvili, Bachana"]
[Black "Gagunashvili, Merab"]
[Result "0-1"]
[WhiteElo "2312"]
[BlackElo "2580"]
[Annotator "TA"]
[PlyCount "54"]
[EventDate "2020.01.29"]
[EventType "k.o."]
[EventCountry "GEO"]
[SourceTitle "playchess.com"]
[Source "ChessBase"]
[SourceQuality "1"]

{[%evp 9,54,-4,1,0,35,40,57,35,68,58,70,60,74,62,77,82,68,63,61,54,72,51,46,39,32,0,8,-10,0,-15,-25,-68,-59,-51,-61,-54,-60,-58,-46,-41,-42,-29,-41,-62,-52,-622,-622]} 1. d4 d5 2. Bf4 Nf6 3. e3 c5 4. c3 Qb6 5. Qb3 c4 {[%mdl 4] 5...Nc6 is more advanced technology.} 6. Qc2 {D00: 1 d4 d5: Unusual lines} Nc6 7. Nd2 Nh5 8. Bg5 {White is slightly better.} h6 9. Bh4 $1 g5 10. Be2 $1 Ng7 11. Bg3 Nf5 12. e4 Nxg3 13. hxg3 e6 {[#]} 14. Bg4 $146 ({Predecessor:} 14. Bh5 Bg7 15. f4 Qc7 16. Ne2 Qe7 17. O-O O-O 18. e5 Bd7 19. Nf3 f5 20. exf6 Bxf6 {1-0 (40) Gareyev,T (2584)-Petkov,V (2475) Figueira da Foz 2015}) 14... Bg7 15. exd5 exd5 16. Bxc8 Rxc8 17. Ne2 O-O 18. g4 Rfe8 {[%cal Rg7d4]} 19. Kf1 Ne7 20. Kg1 Qe6 $36 {[%mdl 2112] [#] Double Attack. Black has good play.} 21. Nf1 Qxg4 22. Ne3 Qe6 23. Ng3 Qg6 24. Ngf5 Nxf5 25. Qxf5 Rcd8 26. Kf1 Re6 27. Re1 $2 {[%mdl 8192] [#]} (27. g4 $15) 27... Rxe3 $1 {[%mdl 512] Accuracy: White = 81%, Black = 87%.} 0-1

[Event "79th GEO-ch 2020"]
[Site "Tbilisi"]
[Date "2020.02.05"]
[Round "3.2"]
[White "Pantsulaia, Levan"]
[Black "Paichadze, Luka"]
[Result "0-1"]
[WhiteElo "2598"]
[BlackElo "2550"]
[Annotator "TA"]
[PlyCount "48"]
[EventDate "2020.01.29"]
[EventType "k.o."]
[EventCountry "GEO"]
[SourceTitle "playchess.com"]
[Source "ChessBase"]
[SourceQuality "1"]

{[%evp 21,144,22,42,16,44,39,37,36,38,41,35,43,149,139,152,159,167,160,162,162,149,154,152,107,204,210,320,278,453,-70,-60,-71,-55,-60,-62,-56,-72,-101,-70,-71,-83,-97,-15,-16,-13,-73,-14,-79,-79,-67,-70,-59,-39,-39,-40,-66,-47,-64,0,0,0,-62,0,-31,0,-62,-62,-62,-62,-62,-62,-66,-52,-62,-33,-66,-42,-33,-33,-55,-59,-83,-8,-21,0,0,0,-379,-364,-364,-352,-307,-281,-430,-452,-520,-430,-856,-281,-259,-247,-229,-80,-285,-275,-270,-255,-455,-418,-404,-377,-741,-707,-669,-558,-942,-926,-894,-770,-1191,-1137,-2117,-2027,-5085,-1308]} 1. c4 Nf6 2. g3 e6 3. Bg2 d5 4. Nf3 Be7 5. O-O O-O 6. d4 c6 7. Qc2 Nbd7 8. Nbd2 b6 9. e4 dxe4 10. Nxe4 Bb7 11. Rd1 Qc8 12. Bf4 {E09: Closed Catalan: Main Line: 7 Qc2 c6 8 Nbd2.} Nxe4 13. Qxe4 c5 14. d5 {White is slightly better.} Re8 {White should prevent ...Nf6.} 15. Qc2 exd5 16. cxd5 Nf6 (16... h6 $14) 17. Ng5 $1 $16 {[#]} c4 $146 ({Predecessor:} 17... h6 18. Bh3 hxg5 19. Bxc8 Raxc8 20. Bxg5 Nxd5 21. Bxe7 Rxe7 22. Re1 Rce8 23. Rxe7 Rxe7 {1-0 (34) Sychevskyy,A (2254)-Kryvoruchko,V (2167) Lvov 2018}) 18. Be5 $1 {[%cal Re5f6]} g6 19. d6 $36 {[%mdl 2048] White is on the roll.} Bxg2 20. dxe7 (20. Kxg2 Nd7 $15) 20... Ng4 21. Bd6 $1 ({Stronger than} 21. Kxg2 Nxe5 22. Qe4 Qc7 $15) 21... Bb7 {With the idea ...h6.} 22. Rd4 $1 Qc6 (22... Nh6 $16) 23. f3 $18 Rac8 (23... f6 {might work better.}) 24. Rad1 f6 {Played: Ng4-e3} 0-1

[Event "79th GEO-ch 2020"]
[Site "Tbilisi"]
[Date "2020.02.05"]
[Round "3.2"]
[White "Gagunashvili, Merab"]
[Black "Morchiashvili, Bachana"]
[Result "1-0"]
[WhiteElo "2580"]
[BlackElo "2312"]
[Annotator "TA"]
[PlyCount "97"]
[EventDate "2020.01.29"]
[EventType "k.o."]
[EventCountry "GEO"]
[SourceTitle "playchess.com"]
[Source "ChessBase"]
[SourceQuality "1"]

{[%evp 25,97,81,85,93,91,92,92,92,85,76,107,97,102,100,104,110,178,175,173,115,182,170,204,203,186,202,193,185,156,194,181,187,236,215,252,121,159,6,8,0,335,328,497,547,509,560,529,516,509,514,637,633,843,1011,1693,1589,1226,998,937,952,1563,1470,1520,1513,5277,1197,5696,6522,29982,1014,890,878,958,910]} 1. d4 Nf6 2. c4 g6 3. g3 Bg7 4. Bg2 O-O 5. Nf3 d6 6. O-O Nbd7 7. Qc2 e5 8. e4 c6 9. Rd1 Re8 10. Nc3 exd4 11. Nxd4 Ng4 12. h3 Nge5 13. b3 Nc5 14. Be3 {E68: King's Indian: Fianchetto: 6...Nbd7 7 0-0 e5 8 e4} Qe7 {[#]} 15. f4 $146 ({Predecessor:} 15. Rd2 Ne6 16. Nde2 c5 17. Rad1 Nc6 18. Nb5 Rd8 19. Nxd6 Ned4 20. Bxd4 cxd4 21. c5 Be6 {1-0 (30) Jirovsky,M (2420)-Vasiliev,V (2265) Ceske Budejovice 1993}) 15... Ned7 {Black wants to play ...f5!} 16. Re1 {White is better.} a5 17. Rad1 Nf6 18. Bf2 Bd7 19. a3 h5 20. Nf3 a4 (20... Nfxe4 $2 21. Bxc5 dxc5 22. Nxe4 $18) (20... Ncxe4 $2 21. Ng5 $18) (20... Nh7 $16) 21. b4 $1 $18 {[%cal Rb4c5]} Nb3 22. Nd4 (22. Qd3 $18) 22... h4 (22... Nxd4 $16 {was worth a try.} 23. Bxd4 Be6) 23. g4 (23. Nxb3 axb3 24. Qxb3 Nh5 $15) (23. gxh4 Nh5 $14) 23... Bxg4 24. hxg4 Nxg4 25. Nde2 (25. Nxb3 $6 axb3 26. Qxb3 Nxf2 $16) 25... g5 26. Bf3 Nxf2 27. Kxf2 gxf4 28. Rg1 $1 ({But not} 28. Nxf4 $6 Bd4+ 29. Rxd4 Nxd4 $14) 28... Kh8 29. Rg4 $1 Rg8 {[#] and the idea ...Be5 leaves Black hopeful.} 30. Rdg1 ({Not} 30. Nxf4 Bd4+ 31. Rxd4 Rxg4 $17) (30. Nxa4 $1 $18 {[%mdl 512]} Na1 (30... Rxa4 31. Qxb3) 31. Qc1) 30... f5 31. Rg6 $2 (31. Rxf4 $16 {aiming for Rh1.} Be5 32. Rxf5 Rxg1 33. Kxg1) 31... Kh7 $1 $11 32. Qd3 h3 $2 {[%mdl 8192]} (32... Bxc3 $1 $11 33. Rxg8 Rxg8 34. Nxc3 h3) 33. exf5 $18 {Strongly threatening Rxg7+!} Qh4+ (33... Qe3+ $142 34. Qxe3 fxe3+ 35. Kxe3 Be5) 34. Kf1 Bxc3 35. Qxc3 {Threatening mate with Rg7+.} Rxg6 36. fxg6+ (36. Rxg6 Rg8 $18) 36... Kg8 {[#] ...h2 is the strong threat.} 37. Rg4 $1 Qe7 38. Rxf4 Rf8 39. Bg4 Rxf4+ 40. Nxf4 {White threatens Be6+ and mate.} h2 41. Kg2 Qe4+ 42. Qf3 Qc2+ 43. Kh1 {White wants to mate with Ne6.} Nd2 44. Qf2 Qc1+ 45. Kxh2 {Intending Be6+ and mate.} Ne4 46. Be6+ Kf8 {[#]} 47. Nd3+ (47. g7+ $142 $1 Kxg7 48. Qg2+ {[%mdl 64] Double Attack} Kf6 49. Qg6+ Ke5 50. Nd3+ Kd4 51. Nxc1 b5 52. Bf5) 47... Nxf2 48. Nxc1 Kg7 49. Bf7 {Accuracy: White = 77%, Black = 44%.} 1-0

[Event "79th GEO-ch 2020"]
[Site "Tbilisi"]
[Date "2020.02.05"]
[Round "3.2"]
[White "Arutinian, David"]
[Black "Nigalidze, Gaioz"]
[Result "1/2-1/2"]
[WhiteElo "2551"]
[BlackElo "2474"]
[Annotator "TA"]
[PlyCount "73"]
[EventDate "2020.01.29"]
[EventType "k.o."]
[EventCountry "GEO"]
[SourceTitle "playchess.com"]
[Source "ChessBase"]
[SourceQuality "1"]

{[%evp 24,73,81,52,79,50,49,46,43,53,79,61,61,61,61,56,66,62,66,54,67,64,85,86,95,64,83,64,79,43,111,111,107,102,211,237,235,223,218,97,512,469,447,60,66,64,66,61,63,0,0,0]} 1. d4 Nf6 2. c4 g6 3. Nc3 Bg7 4. e4 d6 5. Nf3 O-O 6. Be2 e5 7. O-O Nc6 8. d5 Ne7 9. Ne1 Nd7 10. Be3 f5 11. f3 f4 12. Bf2 g5 13. Rc1 Ng6 {E99: King's Indian: Classical Main Line: 9 Ne1 Nd7 10 f3 f5} 14. Nb5 b6 15. b4 a6 {White is slightly better.} 16. Nc3 Rf7 {[#]} 17. c5 $1 {[%mdl 512]} bxc5 18. bxc5 Nxc5 19. Bxc5 dxc5 20. Na4 Bf8 21. Nxc5 Bd6 22. Ned3 {[#]} Qf6 $146 ({Predecessor:} 22... h5 23. h3 Nf8 24. Rc3 Rg7 25. Nf2 Qe7 26. Qc2 Rb8 27. Rc1 Rb6 28. a4 a5 {1-0 (74) Sinha,S (2283)-Proleiko,J (2152) Charlotte 2019}) 23. Qa4 Kg7 24. Qc6 Ra7 25. Rb1 h5 26. Rb8 Ne7 ({Black should try} 26... Rf8 $14) 27. Qe8 $36 {[%mdl 2048] Keeping Black busy.} Rf8 28. Qxh5 Ng6 (28... c6 $16 {was worth a try.} 29. Ne6+ Bxe6 30. Rxf8 Kxf8 31. dxe6 Kg7) 29. Rxc8 $18 Rxc8 30. Ne6+ Kg8 31. Nf2 (31. Nxg5 $18 {has better winning chances. Hoping for Qh7+.} Nf8 32. Nf7) 31... Ne7 $2 {[%mdl 8192]} (31... Nf8 $16 {is tougher.}) 32. Ng4 {[%cal Rg4f6]} Qg6 {[#]} 33. Nh6+ $2 (33. Qh3 $1 $18) 33... Kh7 $14 34. Nxg5+ Kg7 35. Ne6+ Kh7 36. Ng5+ (36. Qxg6+ $14 Kxg6 37. Ng4) 36... Kg7 $11 37. Ne6+ {Accuracy: White = 55%, Black = 63%.} 1/2-1/2

[Event "79th GEO-ch 2020"]
[Site "Tbilisi"]
[Date "2020.02.05"]
[Round "3.2"]
[White "Sanikidze, Tornike"]
[Black "Shanava, Konstantine"]
[Result "1-0"]
[WhiteElo "2451"]
[BlackElo "2507"]
[Annotator "TA"]
[PlyCount "115"]
[EventDate "2020.01.29"]
[EventType "k.o."]
[EventCountry "GEO"]
[SourceTitle "playchess.com"]
[Source "ChessBase"]
[SourceQuality "1"]

{[%evp 12,115,38,31,31,29,23,32,27,31,30,30,32,32,11,12,17,17,20,14,15,28,37,16,15,35,123,137,147,128,175,164,213,214,219,213,225,217,218,218,218,218,216,218,231,225,215,220,231,222,230,209,369,369,369,369,530,369,369,369,361,231,335,335,369,294,557,557,450,466,553,553,553,552,545,516,1252,1225,1225,1102,951,903,1393,2077,1532,1585,738,720,814,518,29973,29974,29974,29975,29978,29979,29980,29979,29979,29980,29982,29983,29983,29983,29986,29986]} 1. d4 d5 2. c4 dxc4 3. e4 c5 4. d5 Nf6 5. Nc3 e6 6. Bxc4 exd5 7. Nxd5 Be6 {D20: Queen's Gambit Accepted: 3 e3 and 3 e4} 8. Qb3 Bxd5 9. exd5 {[#]} Bd6 $146 {White is slightly better.} ({Predecessor:} 9... Qc7 10. Nf3 Bd6 11. O-O O-O 12. Bg5 Nbd7 13. Rfe1 Rfe8 14. Bh4 a6 15. a4 Ng4 {½-½ (55) Grote,D (2137)-Sonnenberger,J (2101) Germany 2004}) 10. Qxb7 Nbd7 11. Nf3 Qe7+ 12. Be3 O-O 13. O-O Rab8 14. Qa6 Ne5 15. Nxe5 $1 Qxe5 {[%csl Gd6][%cal Re5h2]} 16. g3 $36 {[%mdl 2048] Bf4 is the strong threat. Black is under pressure.} Ng4 $1 {Threatens to win with ...Qh5.} 17. Rae1 Rb6 18. Qa3 Rxb2 (18... Rb4 $14 19. h3 Nxe3 20. Rxe3 Qxb2) 19. Bg5 $16 Qd4 {[%cal Rg4f2]} 20. Rd1 $1 {[%cal Rd1d4]} Qxc4 21. Qxb2 h6 22. Qc1 Qxa2 23. Bf4 Qa6 24. Rfe1 Rd8 25. Bxd6 Qxd6 26. Qa1 a6 27. Re4 h5 28. h3 Nf6 29. Ra4 Ra8 30. Qa2 Nd7 31. Ra1 Ne5 $2 (31... Kf8 32. Qb3 Nf6) 32. Rxa6 $18 Rxa6 33. Qxa6 {[%mdl 4096] Endgame KQR-KQN} Qd7 (33... Qxd5 $142 34. Qa8+ Qxa8 35. Rxa8+ Kh7) 34. Qa4 Qxd5 {[#]} 35. Qa8+ $1 Qxa8 36. Rxa8+ {KR-KN} Kh7 37. Rc8 Nd3 38. h4 g6 $2 (38... Kg6 {is a better defense.} 39. Kf1 Kf6 40. Rc6+ Ke7 41. Rc7+ Ke6) 39. Kf1 Kg7 40. Ke2 Nc1+ 41. Kd2 Nb3+ 42. Kc3 Nd4 43. Rxc5 Nf5 (43... Ne6 $142) 44. Kd3 Nh6 45. Ke4 Ng4 46. f3 Nf6+ 47. Kf4 Nd7 48. Rc7 Nf6 49. Ke5 Ng8 50. g4 {Black must now prevent g5.} hxg4 (50... Nf6 $18 51. g5 Ng8) 51. fxg4 {White mates.} Nf6 {[#]} 52. Rc4 $1 {[%cal Rc4a4]} Ng8 53. g5 Ne7 54. Rc7 Kf8 55. Rb7 Ng8 56. Kd6 Kg7 57. Rb8 f6 58. Rb7+ {Accuracy: White = 96%, Black = 60%.} 1-0

[Event "79th GEO-ch 2020"]
[Site "Tbilisi"]
[Date "2020.02.07"]
[Round "4.1"]
[White "Gagunashvili, Merab"]
[Black "Arutinian, David"]
[Result "1/2-1/2"]
[WhiteElo "2580"]
[BlackElo "2551"]
[Annotator "TA"]
[PlyCount "42"]
[EventDate "2020.01.29"]
[EventType "k.o."]
[EventCountry "GEO"]
[SourceTitle "playchess.com"]
[Source "ChessBase"]
[SourceQuality "1"]

{[%evp 29,42,16,24,0,36,30,26,20,28,31,43,35,64,29,58]} 1. e4 c6 2. d4 d5 3. Nd2 dxe4 4. Nxe4 Bf5 5. Ng3 Bg6 6. h4 h6 7. Nf3 Nd7 8. h5 Bh7 9. Bd3 Bxd3 10. Qxd3 e6 11. Bd2 Ngf6 12. O-O-O Be7 13. Ne4 Nxe4 14. Qxe4 Nf6 15. Qe2 Qd5 16. Kb1 {B19: Classical Caro-Kann: 4...Bf5 main line.} Qe4 17. Qxe4 Nxe4 18. Be3 Nf6 19. Ne5 O-O 20. g4 {[#]} Bd6 $146 ({Predecessor:} 20... Nd5 21. Bc1 c5 22. c4 Nf6 23. Be3 cxd4 24. Bxd4 Rfd8 25. f3 a6 26. Bb6 Rdc8 {½-½ (39) Jankunas,T (2093)-Zhukov,A (2161) Vilnius 2018}) 21. f3 a5 1/2-1/2